5HLuxD.jpg

KING HENRY VIII SENIOR AND PRIMARY SCHOOL LIBRARY OPAC

The vanishing face of Gaia : (Record no. 239)

000 -LEADER
fixed length control field 01064cam a2200313 a 4500
001 - CONTROL NUMBER
control field .b19970717
003 - CONTROL NUMBER IDENTIFIER
control field OCoLC
005 - DATE AND TIME OF LATEST TRANSACTION
control field 20190802102100.0
008 - FIXED-LENGTH DATA ELEMENTS--GENERAL INFORMATION
fixed length control field 090907r20102009enkabcf b 001 0 eng
015 ## - NATIONAL BIBLIOGRAPHY NUMBER
National bibliography number GBA992188
020 ## - INTERNATIONAL STANDARD BOOK NUMBER
International Standard Book Number 9780141039251 (pbk.)
020 ## - INTERNATIONAL STANDARD BOOK NUMBER
International Standard Book Number 0141039256 (pbk.)
035 ## - SYSTEM CONTROL NUMBER
System control number (OCoLC)440113631
040 ## - CATALOGING SOURCE
Original cataloging agency UKM
Transcribing agency UKM
042 ## - AUTHENTICATION CODE
Authentication code nbic
082 04 - DEWEY DECIMAL CLASSIFICATION NUMBER
Classification number 333.7 LOV
Edition number 22
100 1# - MAIN ENTRY--PERSONAL NAME
Personal name Lovelock, James,
Dates associated with a name 1919-
Relator term author
245 14 - TITLE STATEMENT
Title The vanishing face of Gaia :
Remainder of title a final warning /
Statement of responsibility, etc. James Lovelock ; with a foreword by Martin Rees.
260 ## - PUBLICATION, DISTRIBUTION, ETC.
Place of publication, distribution, etc. London :
Name of publisher, distributor, etc. Penguin,
Date of publication, distribution, etc. c2010.
300 ## - PHYSICAL DESCRIPTION
Extent xiii, 177 p., [8] p. of plates :
Other physical details ill. (chiefly col.), col. maps, col. ports. ;
Dimensions 20 cm.
500 ## - GENERAL NOTE
General note Originally published: London: Allen Lane, 2009.
504 ## - BIBLIOGRAPHY, ETC. NOTE
Bibliography, etc. note Includes bibliographical references and index.
650 #0 - SUBJECT ADDED ENTRY--TOPICAL TERM
Topical term or geographic name entry element Environmental sciences.
650 #0 - SUBJECT ADDED ENTRY--TOPICAL TERM
Topical term or geographic name entry element Gaia hypothesis.
650 #0 - SUBJECT ADDED ENTRY--TOPICAL TERM
Topical term or geographic name entry element Climatic changes.
650 #0 - SUBJECT ADDED ENTRY--TOPICAL TERM
Topical term or geographic name entry element Environmental protection
General subdivision Citizen participation.
700 ## - ADDED ENTRY--PERSONAL NAME
Personal name Rees, Martin
Relator term Writer of foreword
942 ## - ADDED ENTRY ELEMENTS (KOHA)
Source of classification or shelving scheme
Koha item type Books - Non Ficton
Holdings
Withdrawn status Lost status Source of classification or shelving scheme Damaged status Not for loan Collection code Permanent Location Current Location Shelving location Date acquired Full call number Barcode Date last seen Price effective from Koha item type
          Non-Fiction KH8 Senior School Library KH8 Senior School Library Non Fiction 2019-08-02 333.7 LOV 3KHSL000100314 2019-08-02 2019-08-02 Books - Non Ficton

Powered By KH8 IT Dept